Улучшить работу и организовать новый подъём железнодорожного транспорта: речь на Всесоюзном совещании актива работников железнодорожного транспорта, 8 мая 1954 года

書誌詳細
第一著者: Каганович Л. М. Лазарь Моисеевич
言語:ロシア語
出版事項: Москва, Госполитиздат, 1954
主題:
フォーマット: MixedMaterials 図書
KOHA link:https://koha.lib.tpu.ru/cgi-bin/koha/opac-detail.pl?biblionumber=349794

MARC

LEADER 00000nam0a2200000 4500
001 349794
005 20231102010234.0
035 |a (RuTPU)RU\TPU\retro\2748 
090 |a 349794 
100 |a 20180903d1954 km y0rusy50 ca 
101 0 |a rus 
102 |a RU 
105 |a y z 000zy 
200 1 |a Улучшить работу и организовать новый подъём железнодорожного транспорта  |e речь на Всесоюзном совещании актива работников железнодорожного транспорта, 8 мая 1954 года  |f Л. М. Каганович 
210 |a Москва  |c Госполитиздат  |d 1954 
215 |a 103 с. 
316 |5 63413507: КР-5745  |a На обложке и титульном листе владельческая подпись "Бутаков" 
317 |5 63413507: КР-5745  |a Поступила в НТБ в 1970 г. в составе книжного собрания профессора ТПИ И. Н. Бутакова 
606 1 |a Железнодорожный транспорт  |x Управление  |2 stltpush  |3 (RuTPU)RU\TPU\subj\10435  |9 37508 
610 1 |a грузопотоки 
610 1 |a перевозка грузов 
610 1 |a резервы 
610 1 |a мобилизация 
610 1 |a эксплуатация 
610 1 |a качество 
610 1 |a повышение 
610 1 |a кадры 
610 1 |a руководство 
610 1 |a библиотека И. Н. Бутакова 
610 1 |a владельческая надпись 
675 |a 656.2  |v 4 
700 1 |a Каганович  |b Л. М.  |c советский политический деятель  |f 1893-1991  |g Лазарь Моисеевич  |2 stltpush  |3 (RuTPU)RU\TPU\pers\12625  |9 3584 
801 1 |a RU  |b 63413507  |c 20180903 
801 2 |a RU  |b 63413507  |c 20181229  |g RCR 
942 |c BK